| 000 | 006370000a22002050004500 | ||
|---|---|---|---|
| 003 | LK-CoMWRAF | ||
| 005 | 20231211122741.0 | ||
| 008 | 230817t1979 ||||| |||| 00| 0 eng d | ||
| 040 |
_aLK-CoMWRAF _dLK-CoMWRAF _eLK-CoMWRAF |
||
| 041 | _aeng | ||
| 082 |
_a305.4 _bWOR |
||
| 110 | _aThe World bank | ||
| 245 |
_a Recognizing the "invisible" woman in development : _bthe World Bank's experience |
||
| 260 |
_aWashington: _bWorld Bank, _c1979 |
||
| 300 | _a 33 p. : ill. ; 23 cm | ||
| 650 | _aRURAL WOMEN-Developing countries | ||
| 650 | _aWomen Employment- Developing countries | ||
| 650 | _ainternational monetary fund | ||
| 942 | _cBK | ||
| 999 |
_c1694 _d1694 |
||